| 000 | 00517nam a2200169Ia 4500 | ||
|---|---|---|---|
| 999 |
_c23437 _d23437 |
||
| 003 | OSt | ||
| 005 | 20200520092631.0 | ||
| 008 | 190216s9999||||xx |||||||||||||| ||und|| | ||
| 020 | _a9798172317231 | ||
| 040 | _coclc | ||
| 082 |
_a332.1 _bGAF/C |
||
| 100 |
_a Gafur, A L M Abdul _92436 |
||
| 245 | 0 |
_aCommercial Banking In The Presence Of Inflation / _cA L M Abdul Gafur |
|
| 260 |
_bIslamic Book Service, _c2006. _aNew Delhi: |
||
| 300 | _a116p | ||
| 942 |
_cBK _2ddc _h332.1 _iGAF/C _k332.1 _mGAF/C |
||